1970年7月時点の臨時急行まりも2号停車駅 - Statistics

General Stats
  • This quiz has been taken 90 times
  • The average score is 14 of 16
Answer Stats
Answer % Correct
釧路
100%
帯広
98%
新得
95%
苫小牧
91%
滝川
91%
富良野
91%
岩見沢
89%
池田
88%
美唄
86%
砂川
83%
白糠
83%
追分
82%
白老
75%
登別
72%
赤平
71%
芦別
69%
No matching quizzes found
Score Distribution
Percent of People with Each Score
Percentile by Number Answered
Your Score History
You have not taken this quiz